La desamortización eclesiástica considerada en sus diferentes aspectos y relaciones / (Record no. 24126)

MARC details
000 -LEADER
campo de control de longitud fija 00517nam a2200157 i 4500
001 - NÚMERO DE CONTROL
campo de control 24126
003 - IDENTIFICADOR DE NÚMERO DE CONTROL
campo de control ES-MaACL
007 - CAMPO FIJO DE DESCRIPCIÓN FÍSICA--INFORMACIÓN GENERAL
campo de control de longitud fija t|
008 - DATOS DE LONGITUD FIJA--INFORMACIÓN GENERAL
campo de control de longitud fija 021216s1885 sp ||||1| spa d
100 1# - ENTRADA PRINCIPAL--NOMBRE DE PERSONA
Nombre de persona Antequera, José María,
Fechas asociadas al nombre 1820-1891
9 (RLIN) 21875
245 13 - MENCIÓN DEL TÍTULO
Título La desamortización eclesiástica considerada en sus diferentes aspectos y relaciones /
Mención de responsabilidad, etc. por José María Antequera.
260 ## - PUBLICACIÓN, DISTRIBUCIÓN, ETC.
Lugar de publicación, distribución, etc. Madrid :
Nombre del editor, distribuidor, etc. A. Pérez Dubrull,
Fecha de publicación, distribución, etc. 1885.
300 ## - DESCRIPCIÓN FÍSICA
Extensión 210 p. ;
Dimensiones 22 cm.
852 ## - LOCALIZACIÓN
Ubicación ES-MaACL
Número de control de estantería B-2319
Holdings
Estatus retirado Estado de pérdida Estado de daño No para préstamo Colección Biblioteca de origen Biblioteca actual Ubicación en estantería Fecha de adquisición Fuente de adquisición Total de préstamos Signatura topográfica completa Código de barras Visto por última vez Precio de reemplazo Tipo de ítem Koha
        Libros del s. XIX Biblioteca del Ateneo de Madrid Biblioteca del Ateneo de Madrid Sala Pardo Bazán 17/01/2008     B-2319 1024869 04/10/2023 23/02/2023 Libro impreso antiguo